|
|
|
|
| LEADER |
01178nam a2200301 a 4500 |
| 001 |
000580850 |
| 003 |
CZ BrMZK |
| 005 |
20240702130234.0 |
| 007 |
ta |
| 008 |
011207s1999 xr ab g f cze d |
| 015 |
|
|
|a cnb001064843
|
| 035 |
|
|
|a (OCoLC)50345399
|
| 040 |
|
|
|a BOA001
|b cze
|
| 043 |
|
|
|a e-xr---
|a e-xo---
|b e-xr-mr
|2 czenas
|
| 080 |
|
|
|a 913(437.32-11)
|2 MRF
|
| 080 |
|
|
|a (036)913
|2 MRF
|
| 245 |
0 |
0 |
|a Bílé Karpaty :
|b turistický průvodce /
|c Vít Hrdoušek ... [et al.]
|
| 260 |
|
|
|a Uherské Hradiště :
|b Tiskárna L.V.Print,
|c 1999
|
| 300 |
|
|
|a 259 s. :
|b il., mapy ;
|c 20 cm
|
| 504 |
|
|
|a Obsahuje bibliografii
|
| 500 |
|
|
|a Dostupné též v digitální podobě v aplikaci Kramerius
|
| 655 |
|
7 |
|a turistické průvodce
|7 fd133738
|2 czenas
|
| 651 |
|
7 |
|a Bílé Karpaty (Česko a Slovensko : pohoří)
|7 ge129114
|2 czenas
|
| 700 |
1 |
|
|a Hrdoušek, Vít,
|d 1972-
|7 mzk2006322842
|4 aut
|
| 856 |
4 |
1 |
|u http://www.digitalniknihovna.cz/mzk/uuid/uuid:4e4c6a00-3df4-11ef-b017-005056827e52
|y Digitalizovaný dokument
|x NDK
|
| 910 |
|
|
|a BOA001
|b 2-1093.448
|
| 990 |
|
|
|a BK
|
| 996 |
6 |
|
|b 2610149427
|c 2-1093.448
|l MZK
|r Sklad / do 1 hodiny
|n 16
|p p.v.
|w 000580850
|u 000010
|a 1
|e BOA001
|j MZK50
|s P
|